|
|
|
|
| LEADER |
00000nam0a2200000 4500 |
| 001 |
365088 |
| 005 |
20231102011742.0 |
| 035 |
|
|
|a (RuTPU)RU\TPU\retro\22451
|
| 090 |
|
|
|a 365088
|
| 100 |
|
|
|a 20211210d1981 km y0rusy50 ca
|
| 101 |
0 |
|
|a rus
|
| 102 |
|
|
|a BY
|
| 105 |
|
|
|a a z 001zy
|
| 200 |
1 |
|
|a Новое в литейном производстве
|f Е. И. Бельский, А. М. Дмитрович, В. И. Краевой [и др.]
|
| 210 |
|
|
|a Минск
|c Беларусь
|d 1981
|
| 215 |
|
|
|a 128 с.
|c ил.
|
| 225 |
1 |
|
|a Научно-технический прогресс и развитие производства
|
| 320 |
|
|
|a Библиогр.: с. 126
|
| 606 |
1 |
|
|a Литейное производство
|2 stltpush
|3 (RuTPU)RU\TPU\subj\72698
|9 86107
|
| 610 |
1 |
|
|a чугун
|
| 610 |
1 |
|
|a плавка
|
| 610 |
1 |
|
|a коксовые брикеты
|
| 610 |
1 |
|
|a использование
|
| 610 |
1 |
|
|a формовочные смеси
|
| 610 |
1 |
|
|a противопригарные покрытия
|
| 610 |
1 |
|
|a литниковые системы
|
| 610 |
1 |
|
|a литая технологическая оснастка
|
| 610 |
1 |
|
|a стальные детали
|
| 610 |
1 |
|
|a чугунные детали
|
| 610 |
1 |
|
|a поверхностные слои
|
| 610 |
1 |
|
|a упрочнение
|
| 610 |
1 |
|
|a формообразующая оснастка
|
| 610 |
1 |
|
|a изготовление
|
| 610 |
1 |
|
|a плазменное напыление
|
| 675 |
|
|
|a 621.74
|v 4
|
| 701 |
|
1 |
|a Бельский
|b Е. И.
|g Евграф Иосифович
|
| 701 |
|
1 |
|a Дмитрович
|b А. М.
|g Анатолий Михайлович
|
| 701 |
|
1 |
|a Краевой
|b В. И.
|g Валентин Иванович
|
| 701 |
|
1 |
|a Кузнецов
|b С. В.
|
| 701 |
|
1 |
|a Кукуй
|b Д. М.
|
| 801 |
|
1 |
|a RU
|b 63413507
|c 20211210
|
| 942 |
|
|
|c BK
|